02124cam a2200349 a 4500001001000000003000900010005001700019008004100036020001500077040002500092082002000117245022100137260008500358300002600443490002300469500007300492520065400565650004901219650004601268650003101314651003501345700003001380700002301410700003601433700002901469700003001498700003601528710004001564710005401604710006101658740005501719000013561DO-SdBNP20250421111014.0941019s1993 ck b 000 0 spa d a9586015211 aDO-SdBNPbspacBNPHU a338.18861bC73700aCompetitividad sin pobreza :bestudios para el desarrollo del campo en Colombia /ccoordinadores ; Clara González y Carlos Felipe Jaramillo ; prólogo, Armando Montenegro ; traducción, Jimena Rueda ... [et al.]. aSantafé de Bogotá, Colombia :bDepartamento Nacional de Planeación,c1993. axii, 530 p. ;c23 cm.0 aEconomía agraria aIncluye referencias bibliográficas y notas al pie de las páginas1 a"Serie de documentos encargados por la Nacional de Colombia Departamento de Planificación Contiene recomendaciones para la política agrícola en la década de 1990 y más allá, basado en tres estrategias principales: 1) una política macroeconómica prudente, 2) un aumento de la competitividad impulsada por la inversión de infraestructura y el fortalecimiento de la mecanismos para generar y transferir tecnología, y 3) la inversión social para mejorar el capital humano y reducir la pobreza. Varios artículos técnicos de expertos sobre el terreno justificar estas recomendaciones "- Handbook of Latin American Studies, v. 57. 4aAgriculturaxAspectos económicoszColombia 4aColombiaxCondiciones económicasy1970- 4aDesarrollo ruralzColombia 4aColombiaxCondiciones rurales1 aJaramillo, Carlos Felipe.1 aGonzález, Clara.1 aMontenegro, Armancdoeprólogo1 aRueda, Jimenaetraductor1 aMadrid, Joséetraductor1 aGómez, José Luisetraductro2 aDepartamento Nacional de Planeacion1 aColombia.bDepartamento Nacional de Planeación.1 aColombia.bMinisterio de Hacienda y Crédito Público.0 aEstudios para el desarrollo del campo en Colombia.